000 01023nam a22002897a 4500
001 BR8206227
003 BR-BrBNA
005 20230928091456.0
007 ta
008 230509b bl.||||| |||| 00| 0 por d
040 _aBR-BrBNA
_bpor
_cBiblioteca Nacional de Agricultura
041 _a(Por)
072 _aF40; K20
_b/G514
090 _ F40 BR8206227
100 1 _aCarneiro, C.M.R. (ed.)
110 1 _aInstituto Brasileiro de Desenvolvimento Florestal, Brasilia, DF. Depto. de Economia Florestal;
_95737
110 1 _aSuperintendencia do Desenvolvimento da Amazonia, Belem, PA (Brasil). Depto. de Recursos Naturais
_910055
245 1 _aRelatorio no. 1 - 1982. Programa de monitoramento da cobertura florestal do Brasil
_bConvenio IBDF/SUDAM
260 3 _aBrasilia, DF (Brasil):
_c1982.
300 _a62 p.
500 _a47 tables; 8 illus.; 7 ref.; Summary (Eng)
650 _aCOBERTURA VEGETAL
650 _aAMAZONIA
650 _aAEROFOTOGRAMETRIA
909 _a202309
_bLucia
_c55
_dLucia Elande
942 _cBK
999 _c34030
_d34030